| 000 | 00418pab a2200169 454500 | ||
|---|---|---|---|
| 008 | 180718b2007 xxu||||| |||| 00| 0 eng d | ||
| 100 | _aPaul, Joshy M. | ||
| 245 | _aChina's 17th communist party congress: an assessment | ||
| 260 | _c2007 | ||
| 300 | _ap.32-33. | ||
| 362 | _a3 Nov | ||
| 650 | _aPolitical parties - China | ||
| 650 | _aPolitical parties | ||
| 773 | _aMainstream | ||
| 908 | _aN | ||
| 909 | _a76267 | ||
| 999 |
_c76267 _d76267 |
||